| 000 | 00403nam a2200169Ia 4500 | ||
|---|---|---|---|
| 008 | 230524s9999 xx 000 0 und d | ||
| 020 | _a9788131729656 | ||
| 082 |
_a620.45 _bBEV |
||
| 100 | _aThomas Bevan | ||
| 245 | 0 | _a"Theory of Machines, " | |
| 250 | _a3 | ||
| 260 |
_aNew Delhi _bPearson _c2012 |
||
| 300 | _a"vii,615p;" | ||
| 500 | _aQuantity Number: 10 | ||
| 650 | _aMechanics | ||
| 942 | _cBK | ||
| 999 |
_c52119 _d52119 |
||